[Event "USA-ch15 prel 05 corr"]
[Site "USA"]
[Date "2000.06.20"]
[Round "?"]
[White "Ivanov, Nikolay S"]
[Black "Carter, Maurice H"]
[Result "1-0"]
[WhiteElo "2387"]
[BlackElo "2096"]
[PlyCount "67"]
[EventDate "2000.06.20"]
[EventType "tourn (corr)"]
[EventRounds "12"]
[EventCountry "USA"]
[SourceTitle "Corr 2006"]
[Source "ChessBase"]
[SourceDate "2006.04.01"]
[SourceVersion "3"]
[SourceVersionDate "2006.04.01"]
[SourceQuality "1"]

1. e4 e6 2. d4 d5 3. e5 c5 4. c3 Qb6 5. a4 Nc6 6. Bb5 Bd7 7. Nf3 a6 8. Bxc6 Bxc6 9. 0-0 Ne7 10. a5 Qa7 11. dxc5 Ng6 12. b4 Be7 13. Re1 h6 14. Na3 0-0 15. Nd4 Bd8 16. Qg4 Re8 17. Nac2 Qb8 18. Nf3 Bd7 19. h4 Kh7 20. h5 Ne7 21. Ncd4 Qc8 22. Qh3 Rg8 23. Bd2 Nc6 24. Kh1 Nxd4 25. Nxd4 Be7 26. Re2 Qc7 27. Rg1 Raf8 28. g4 Qd8 29. f4 Re8 30. g5 Qc8 31. g6+ fxg6 32. Rxg6 Kh8 33. Reg2 Ref8 34. Qg4 1-0

[Event "USA-ch15 prel 05 corr"]
[Site "USA"]
[Date "2000.06.20"]
[Round "?"]
[White "Ivanov, Nikolay S"]
[Black "Eilmes, Donald P"]
[Result "0-1"]
[WhiteElo "2387"]
[BlackElo "2337"]
[PlyCount "56"]
[EventDate "2000.06.20"]
[EventType "tourn (corr)"]
[EventRounds "12"]
[EventCountry "USA"]
[SourceTitle "Corr 2006"]
[Source "ChessBase"]
[SourceDate "2006.04.01"]
[SourceVersion "3"]
[SourceVersionDate "2006.04.01"]
[SourceQuality "1"]

1. e4 c5 2. Nf3 d6 3. Bb5+ Bd7 4. c4 Nf6 5. Nc3 Bxb5 6. cxb5 Nbd7 7. d4 cxd4 8. Nxd4 g6 9. 0-0 Bg7 10. b3 0-0 11. Bb2 e6 12. a4 Nc5 13. f3 Ne8 14. Nce2 e5 15. b4 exd4 16. bxc5 dxc5 17. Rc1 d3 18. Nc3 c4 19. Qd2 Nf6 20. Nb1 Qb6+ 21. Qf2 Rfc8 22. Nd2 Nxe4 23. Qxb6 axb6 24. Nxc4 d2 25. Rc2 Bxb2 26. Rxb2 Rxc4 27. fxe4 Rd8 28. Rbb1 Rxa4 0-1

[Event "USA-ch15 prel 05 corr"]
[Site "USA"]
[Date "2000.06.20"]
[Round "?"]
[White "Lehner, David"]
[Black "Ivanov, Nikolay S"]
[Result "0-1"]
[WhiteElo "2244"]
[BlackElo "2387"]
[PlyCount "54"]
[EventDate "2000.06.20"]
[EventType "tourn (corr)"]
[EventRounds "12"]
[EventCountry "USA"]
[SourceTitle "Corr 2006"]
[Source "ChessBase"]
[SourceDate "2006.04.01"]
[SourceVersion "3"]
[SourceVersionDate "2006.04.01"]
[SourceQuality "1"]

1. f4 f5 2. e4 fxe4 3. d3 Nf6 4. dxe4 Nxe4 5. Bd3 Nf6 6. g4 d5 7. h3 g6 8. Nf3 c5 9. Ne5 c4 10. Be2 Bg7 11. Nc3 Be6 12. Bf3 Nc6 13. Nxc6 bxc6 14. Qe2 Bf7 15. Bd2 0-0 16. g5 Ne8 17. Na4 Rb8 18. 0-0 Nd6 19. Kh2 Nf5 20. c3 Qd6 21. Rae1 Be8 22. Qf2 Rb7 23. Bc1 e5 24. Bg4 Rbf7 25. Bxf5 Rxf5 26. Qxa7 exf4 27. Qe7 Be5 0-1